000 00719cam a22002771 4500
001 sa 66006691
003 DLC
005 20260227112258.0
008 891214s1965 ii b 000 0 beno
010 _asa 66006691
035 _a(OCoLC)20784240
040 _aDLC
_cWaU
_dDLC
042 _apremarc
043 _aa-ii---
050 0 0 _aDS485.B4
_bK3
100 0 _aKalyāṇị̄,
_c(Calcutta)
245 1 0 _aBibidha prabandha.
260 _c[1965]
300 _a288 p.
_c21 cm.
546 _aIn Bengali.
504 _aBibliographical footnotes.
651 0 _aBengal (India)
_xHistory.
650 0 _aBengali literature.
700 1 _aSen Gupta, Sankar.
700 1 _aKaẏāla, Akshaẏakumāra,
_d1919-2004.
999 _c70656
_d70656